000 01371nam a2200229Ia 4500
999 _c50344
_d50344
001 17285
003 GE_BSU
005 20200212112140.0
008 181216s2015 xx |||||||||||||| ||geo||
040 _cGE_BSU
041 _ageo
080 _a341.981+2 ა-26
245 _aადამიანის უფლებათა ევროპული სასამართლოს გადაწყვეტილებები რელიგიის თავისუფლებაზე :
_bწიგნი 1 /
_cრედ:ზაზა ვაშაყმაძე ; მთარგ .არჩილ გორხელაშვილი.
264 _aთბილისი :
_bრელიგიის საკითხთა სახელმწიფო სააგენტო,
_c2015.
300 _a176 გვ .:
_c24 სმ.
653 _aადამიანის უფლებათა და ძირითად თავისუფლებათა ევროპული სასამართლოს პრაქტიკა
653 _aრელიგია
653 _aსამართალი
700 _aვაშაყმაძე, ზაზა
_eრედაქტორი
_958
700 _a გორხელაშვილი, არჩილ
_eმთარგმნელი
_96980
942 _cBK
_2udc